Normal view MARC view

Entry Personal Name

Number of records used in: 1

001 - CONTROL NUMBER

  • control field: 13404

003 - CONTROL NUMBER IDENTIFIER

  • control field: OSt

005 - DATE AND TIME OF LATEST TRANSACTION

  • control field: 20200129150421.0

008 - FIXED-LENGTH DATA ELEMENTS

  • fixed length control field: 200129|| aca||aabn | a|a d

040 ## - CATALOGING SOURCE

  • Original cataloging agency: OSt
  • Transcribing agency: OSt

100 ## - HEADING--PERSONAL NAME

  • Personal name: Tanner, B. K.
  • Fuller form of name: (Brian Keith)

670 ## - SOURCE DATA FOUND

  • Source citation: Work cat.: (OSt)0: Tanner, B. K. (Brian Keith), Introduction to the physics of electrons in solids /, 1995.